| 000 | 00393nam a2200145Ia 4500 | ||
|---|---|---|---|
| 008 | 230917s9999||||xx |||||||||||||| ||und|| | ||
| 040 |
_e217000 _aMAIN |
||
| 041 | _aEnglish | ||
| 082 | _a810.9 W125H | ||
| 100 | _aWagner-Martin, Linda | ||
| 245 | 0 | _aHistory of American literature 1950 to the present | |
| 260 |
_aChichester _bJohn Wiley & Sons _c2013 |
||
| 300 | _axv, 393 p. | ||
| 942 | _cBK | ||
| 999 |
_c177029 _d177029 |
||